000 01146naa a22003497a 4500
001 BR8106319
003 BR-BrBNA
005 20240918174950.0
007 ta
008 230509b bl.||||| |||| 00| 0 por d
040 _aBR-BrBNA
_bpor
_cBiblioteca Nacional de Agricultura
041 _a(Pt)
072 _aF27
_b0430
_bG514
090 _aF27 BR8106319
100 1 _aPurcino, J.R.C.
100 1 _aGarrido, M.A.T.
100 1 _aLima, C.A. de S.
100 1 _aKakida, J.
100 1 _aLaca-Buendia, J.P.
245 1 _aEfeito de tres niveis de umidade do solo na producao e qualidade do algodoeiro (Gossypium hirsutum L.)[Minas Gerais, Brasil]
260 3 _aBelo Horizonte, MG (Brasil):
_c1981.
500 _aProjeto algodao. Relatorio 78/79 Belo Horizonte, MG (Brasil): 1981. p. 87-89 (BR8106319-AM)F27
650 _aALGODAO
650 _aCULTURA IRRIGADA
650 _aSOLO
650 _aUMIDADE
650 _aRENDIMENTO
650 _aMINAS GERAIS
773 0 _tProjeto algodao. Relatorio 78/79
_wF27 BR8106319
_gBelo Horizonte, MG (Brasil), 1981. p. 87-89
909 _a202404
_bLucia
_c55
_dLucia Elande
942 _cAM
_2AGRIS
999 _c314388
_d314388